Method for Automated Bone Shape Correction within Bone Distraction Procedure; Journal of Physics: Conference Series; Vol. 671 : Innovations in Non-Destructive Testing (SibTest 2015)

Bibliografiske detaljer
Parent link:Journal of Physics: Conference Series
Vol. 671 : Innovations in Non-Destructive Testing (SibTest 2015).— 2016.— [012007, 5 p.]
Hovedforfatter: Blynsky F. Yu. Fedor Yuryevich
Institution som forfatter: Национальный исследовательский Томский политехнический университет (ТПУ) Институт неразрушающего контроля (ИНК) Кафедра промышленной и медицинской электроники (ПМЭ)
Summary:Title screen
The method for automated bone shape correction within bone distraction procedure is presented. High precision deformation angle measurement is provided by the software for X-Ray images processing. Special BDC v.1.0.1. application is designed. The purpose of the BDC is modeling of the bone geometry structure to calculate the appropriate distraction forces. The correction procedure control is realized by the hardware of the distraction system.
Режим доступа: по договору с организацией-держателем ресурса
Sprog:engelsk
Udgivet: 2016
Fag:
Online adgang:http://dx.doi.org/10.1088/1742-6596/671/1/012007
http://earchive.tpu.ru/handle/11683/33772
Format: MixedMaterials Electronisk Book Chapter
KOHA link:https://koha.lib.tpu.ru/cgi-bin/koha/opac-detail.pl?biblionumber=647143

MARC

LEADER 00000nla2a2200000 4500
001 647143
005 20231101134442.0
035 |a (RuTPU)RU\TPU\network\12281 
035 |a RU\TPU\network\12274 
090 |a 647143 
100 |a 20160328a2016 k y0engy50 ba 
101 0 |a eng 
105 |a y z 100zy 
135 |a drcn ---uucaa 
181 0 |a i  
182 0 |a b 
200 1 |a Method for Automated Bone Shape Correction within Bone Distraction Procedure  |f F. Yu. Blynsky 
203 |a Text  |c electronic 
300 |a Title screen 
320 |a [References: 6 tit.] 
330 |a The method for automated bone shape correction within bone distraction procedure is presented. High precision deformation angle measurement is provided by the software for X-Ray images processing. Special BDC v.1.0.1. application is designed. The purpose of the BDC is modeling of the bone geometry structure to calculate the appropriate distraction forces. The correction procedure control is realized by the hardware of the distraction system. 
333 |a Режим доступа: по договору с организацией-держателем ресурса 
461 0 |0 (RuTPU)RU\TPU\network\3526  |t Journal of Physics: Conference Series 
463 0 |0 (RuTPU)RU\TPU\network\12214  |t Vol. 671 : Innovations in Non-Destructive Testing (SibTest 2015)  |o III All-Russian Scientific and Practical Conference, 27–31 July 2015, Altai, Russia  |o [proceedings]  |f National Research Tomsk Polytechnic University (TPU)  |v [012007, 5 p.]  |d 2016 
610 1 |a электронный ресурс 
610 1 |a труды учёных ТПУ 
610 1 |a автоматическая коррекция 
610 1 |a кости 
610 1 |a деформации 
610 1 |a программное обеспечение 
610 1 |a рентгеновские изображения 
610 1 |a геометрия 
700 1 |a Blynsky  |b F. Yu.  |c specialist in the field of electronics  |c engineer at Tomsk Polytechnic University  |f 1991-  |g Fedor Yuryevich  |2 stltpush  |3 (RuTPU)RU\TPU\pers\35591 
712 0 2 |a Национальный исследовательский Томский политехнический университет (ТПУ)  |b Институт неразрушающего контроля (ИНК)  |b Кафедра промышленной и медицинской электроники (ПМЭ)  |h 64  |2 stltpush  |3 (RuTPU)RU\TPU\col\18719 
801 2 |a RU  |b 63413507  |c 20161125  |g RCR 
856 4 |u http://dx.doi.org/10.1088/1742-6596/671/1/012007 
856 4 |u http://earchive.tpu.ru/handle/11683/33772 
942 |c CF